Catálogo público

Biotechnology From A to Z / (Record no. 173392)

MARC details
000 -CABECERA
campo de control de longitud fija 00629nam a2200241Ia 4500
001 - NÚMERO DE CONTROL
campo de control dia_2892
003 - IDENTIFICADOR DEL NÚMERO DE CONTROL
campo de control CHAP
005 - FECHA Y HORA DE LA ÚLTIMA TRANSACCIÓN
campo de control 20230515134908.0
008 - DATOS DE LONGITUD FIJA--INFORMACIÓN GENERAL
campo de control de longitud fija 220117s1993 xx 000 0 und d
010 ## - NÚMERO DE CONTROL DE LA BIBLIOTECA DEL CONGRESO
Número de control de LC 173392
040 ## - FUENTE DE LA CATALOGACIÓN
Centro/agencia transcriptor CHAP
082 ## - NÚMERO DE LA CLASIFICACIÓN DECIMAL DEWEY
Número de clasificación 660.6 B3
100 ## - ENTRADA PRINCIPAL--NOMBRE DE PERSONA
Nombre de persona Bains, William
9 (RLIN) 9471
245 ## - MENCIÓN DE TÍTULO
Título Biotechnology From A to Z /
Mención de responsabilidad, etc. by William Bains
260 ## - PUBLICACIÓN, DISTRIBUCIÓN, ETC.
Lugar de publicación, distribución, etc. New york, Oxford University press
Fecha de publicación, distribución, etc. 1993
300 ## - DESCRIPCIÓN FÍSICA
Extensión 358 p.
500 ## - NOTA GENERAL
Nota general C/e
650 ## - PUNTO DE ACCESO ADICIONAL DE MATERIA--TÉRMINO DE MATERIA
Término de materia o nombre geográfico como elemento de entrada Biotecnología
9 (RLIN) 12878
901 ## - ELEMENTOS DE DATOS A LOCAL LDA (RLIN)
a 660.6 B3
902 ## - ELEMENTOS DE DATOS B LOCAL, LDB (RLIN)
a M
905 ## - ELEMENTOS DE DATOS E LOCAL, LDE (RLIN)
a 0000001993 NEWA 0000000000ING00
942 ## - ELEMENTOS DE PUNTO DE ACCESO ADICIONAL (KOHA)
Tipo de ítem Koha Libro
Fuente del sistema de clasificación o colocación Dewey Decimal Classification
Holdings
Estado de retiro Estado de pérdida Fuente del sistema de clasificación o colocación Estado dañado Restricciones de uso No para préstamo Código de colección Localización permanente Ubicación/localización actual Fecha de adquisición Fuente de adquisición Coste, precio normal de compra Total de préstamos Signatura topográfica completa Código de barras Fecha visto por última vez Número de copia Tipo de ítem Koha
    Dewey Decimal Classification   Préstamo interno   General Ingenieria Agroindustrial Ingenieria Agroindustrial 07/12/1994 Compra Librería Patena F. 809 / R. (07/12/1994) 92.00   660.6 B3 dia_3934 18/01/2022 1 Libro